[Event "2.Bl-West"]
[Site "Salzburg"]
[Date "2003.10.18"]
[Round "1"]
[Board "1"]
[White "Dobosz, Henryk"]
[Black "Volke, Karsten"]
[Result "1/2-1/2"]
[WhiteElo "2457"]
[BlackElo "2467"]
[PlyCount "31"]

1.c4 Nf6 2.g3 c6 3.Nf3 d5 4.b3 dxc4 5.bxc4 e5 6.Bb2 e4 7.Nd4 Bc5 8.Nb3 Bb6 9.c5
Bc7 10.Na3 Be6 11.Bg2 Nbd7 12.Qc2 Qe7 13.Rc1 O-O 14.Nc4 Bxc4 15.Qxc4 Ne5 16.Bxe5

[Event "2.Bl-West"]
[Site "Salzburg"]
[Date "2003.10.18"]
[Round "1"]
[Board "2"]
[White "Weindl, Alfred"]
[Black "Riemelmoser, Franz"]
[Result "1/2-1/2"]
[WhiteElo "2351"]
[BlackElo "2287"]
[PlyCount "99"]

1.e4 e6 2.d3 c5 3.Nd2 Nc6 4.g3 g6 5.Bg2 Bg7 6.Ngf3 Nge7 7.O-O O-O 8.Kh1 d6 9.Ng1
e5 10.f4 exf4 11.gxf4 f5 12.Ndf3 fxe4 13.dxe4 d5 14.exd5 Qxd5 15.Qxd5+ Nxd5
16.Ne5 Be6 17.Bd2 Nd4 18.Nh3 Rad8 19.Ng5 Bf5 20.c4 Nf6 21.Ba5 b6 22.Bc3 Nc2
23.Nc6 Nxa1 24.Nxd8 Rxd8 25.Rxa1 h6 26.Nf3 Ng4 27.Ne5 Nf2+ 28.Kg1 Ne4 29.Bxe4
Bxe4 30.Re1 Bf5 31.Kf2 Rf8 32.Kg3 Kh7 33.Rd1 Re8 34.h4 Bf6 35.Rd6 Be7 36.Rc6 Bd8
37.Rd6 Be6 38.a4 g5 39.hxg5 hxg5 40.fxg5 Bxg5 41.Rd1 Bf6 42.Rh1+ Kg8 43.Kf4
Bxe5+ 44.Kxe5 Bxc4+ 45.Kd6 Re6+ 46.Kd7 Re4 47.Kc6 Re6+ 48.Kd7 Re4 49.Kc6 Re6+
50.Kd7

[Event "2.Bl-West"]
[Site "Salzburg"]
[Date "2003.10.18"]
[Round "1"]
[Board "3"]
[White "Schmidlechner, Alexander"]
[Black "Poettinger, Harald"]
[Result "1/2-1/2"]
[WhiteElo "2208"]
[BlackElo "2238"]
[PlyCount "41"]

1.d4 d6 2.c4 e5 3.Nf3 e4 4.Nfd2 f5 5.e3 Nf6 6.Be2 c5 7.d5 g6 8.Nc3 Bg7 9.Qc2 O-O
10.Rb1 Nbd7 11.O-O Qe7 12.b4 b6 13.bxc5 dxc5 14.a4 Ne8 15.Bb2 Ne5 16.a5 Bd7
17.axb6 axb6 18.Ra1 Nd6 19.Qb3 Rxa1 20.Rxa1 Rb8 21.Ra6

[Event "2.Bl-West"]
[Site "Salzburg"]
[Date "2003.10.18"]
[Round "1"]
[Board "4"]
[White "Heilinger, Dietmar"]
[Black "Lutzenberger, Reimund"]
[Result "0-1"]
[WhiteElo "2179"]
[BlackElo "2177"]
[PlyCount "60"]

1.c4 Nf6 2.g3 g6 3.Bg2 Bg7 4.e4 d6 5.Ne2 O-O 6.O-O c5 7.Nbc3 Nc6 8.h3 a6 9.a3
Rb8 10.Rb1 b5 11.cxb5 axb5 12.b4 Ba6 13.d3 e6 14.Be3 Qe7 15.f4 Rfc8 16.e5 dxe5
17.Bxc5 Qc7 18.fxe5 Nxe5 19.d4 Nc4 20.Qc1 Rd8 21.a4 bxa4 22.b5 Bb7 23.Nxa4 Bxg2
24.Kxg2 Nd6 25.Nec3 Nf5 26.Qf4 Qb7+ 27.Qf3 Ne3+ 28.Kg1 Nxf1 29.Rxf1 Qxf3 30.Rxf3
Nd5

[Event "2.Bl-West"]
[Site "Salzburg"]
[Date "2003.10.18"]
[Round "1"]
[Board "5"]
[White "Scheffknecht, Philipp"]
[Black "Maier, Peter"]
[Result "0-1"]
[WhiteElo "2162"]
[BlackElo "2160"]
[PlyCount "72"]

1.d4 Nf6 2.Nf3 g6 3.g3 Bg7 4.Bg2 O-O 5.O-O d6 6.c4 Nbd7 7.Nc3 e5 8.e4 a6 9.h3
Rb8 10.Re1 exd4 11.Nxd4 Ne5 12.Bf1 Bd7 13.f4 Nc6 14.Nf3 Ne7 15.Be3 b5 16.cxb5
axb5 17.e5 Ne8 18.Ba7 Ra8 19.Bf2 b4 20.Nb5 Bc6 21.Ng5 dxe5 22.Bc5 Nd6 23.Nxc7
Qxc7 24.Qxd6 Qxd6 25.Bxd6 Rfe8 26.fxe5 h6 27.Ne4 Nf5 28.Bg2 Rac8 29.Rac1 Bxe4
30.Rxc8 Rxc8 31.Rxe4 b3 32.axb3 Nxg3 33.Rc4 Rd8 34.Kh2 Nf5 35.Rc6 Nxd6 36.Rxd6
Bxe5+

[Event "2.Bl-West"]
[Site "Salzburg"]
[Date "2003.10.18"]
[Round "1"]
[Board "6"]
[White "Eiler, Gebhard"]
[Black "Wallis, Anton"]
[Result "0-1"]
[WhiteElo "2091"]
[BlackElo "2136"]
[PlyCount "56"]

1.d4 d5 2.Nf3 c6 3.e3 Bf5 4.c4 e6 5.Nc3 Bd6 6.cxd5 exd5 7.Bd2 Nd7 8.Rc1 h6 9.Na4
Qe7 10.a3 Ngf6 11.b4 O-O 12.Nc5 Rab8 13.Nh4 Bh7 14.Qf3 Nxc5 15.bxc5 Bc7 16.Nf5
Qe6 17.Ng3 b5 18.cxb6 axb6 19.Be2 c5 20.dxc5 bxc5 21.Rxc5 Rb1+ 22.Bd1 Bb6 23.Rc3
Ne4 24.Nxe4 Bxe4 25.Qe2 Bxg2 26.Rg1 Qh3 27.Rc1 Rxc1 28.Bxc1 Qxh2

[Event "2.Bl-West"]
[Site "Salzburg"]
[Date "2003.10.18"]
[Round "1"]
[Board "1"]
[White "Micheli, Carlo"]
[Black "Krivoshey, Sergei"]
[Result "0-1"]
[WhiteElo "2360"]
[BlackElo "2501"]
[PlyCount "184"]

1.e4 c5 2.Nf3 Nc6 3.d4 cxd4 4.Nxd4 Nf6 5.Nc3 d6 6.Bg5 e6 7.Qd2 a6 8.O-O-O Bd7
9.f4 b5 10.Nxc6 Bxc6 11.Bd3 Qb6 12.Rde1 Qc5 13.Bh4 b4 14.Nd1 Be7 15.Bf2 Qa5
16.Kb1 O-O 17.Qe2 d5 18.e5 Ne4 19.Bd4 Rfd8 20.Qe3 Rab8 21.Bxe4 dxe4 22.b3 Qd5
23.Ba7 Rb7 24.Nb2 Qd2 25.Nc4 Qxe3 26.Bxe3 Bb5 27.Nd2 Bc6 28.Nc4 Bd5 29.Nb6 f5
30.Rd1 Bc6 31.Rxd8+ Bxd8 32.Nc8 Bd5 33.Rd1 h6 34.Nd6 Rd7 35.Bc5 a5 36.Nc4 g5
37.g3 Rg7 38.Ne3 Rd7 39.a3 bxa3 40.Ka2 Bc6 41.Rxd7 Bxd7 42.Kxa3 Kf7 43.Kb2 Kg6
44.Kc3 gxf4 45.gxf4 Kh5 46.Bf8 Bb6 47.Kd2 a4 48.bxa4 Bxa4 49.c4 Ba5+ 50.Ke2 Bc3
51.h3 Kg6 52.Kf2 Bd2 53.Ke2 Bc1 54.Bb4 Kh5 55.Be1 Bc6 56.Bg3 Bb7 57.Bf2 Ba6
58.Bg3 Ba3 59.Bf2 Bb4 60.Bg3 Kg6 61.Be1 Ba3 62.Kd2 Bc5 63.Ke2 Kf7 64.Bf2 Bb4
65.Be1 Ba3 66.Kd2 Bc5 67.Ke2 Ke8 68.Bd2 Bf8 69.Kd1 h5 70.Be1 Bh6 71.Bg3 h4
72.Bh2 Bf8 73.Kd2 Bc5 74.Bg1 Bxc4 75.Bf2 Bf1 76.Bxh4 Bxh3 77.Bf2 Bf1 78.Kc3 Bd3
79.Nd1 Bf8 80.Be3 Kf7 81.Nf2 Bf1 82.Nh1 Be7 83.Ng3 Bd3 84.Bf2 Kg6 85.Kd4 Bb4
86.Bg1 Be1 87.Nh1 Kh5 88.Nf2 Ba6 89.Ke3 Ba5 90.Kd4 Bb6+ 91.Kc3 e3 92.Nd3 Bxd3

[Event "2.Bl-West"]
[Site "Salzburg"]
[Date "2003.10.18"]
[Round "1"]
[Board "2"]
[White "Umansky, Mikhail"]
[Black "Unzicker, Ferdinand"]
[Result "1-0"]
[WhiteElo "2452"]
[BlackElo "2290"]
[PlyCount "43"]

1.d4 Nf6 2.c4 c5 3.d5 e6 4.Nc3 exd5 5.cxd5 d6 6.Nf3 g6 7.g3 Bg7 8.Bg2 O-O 9.O-O
a6 10.a4 Nbd7 11.Bf4 Ne8 12.e4 Ne5 13.Nxe5 dxe5 14.Be3 Qa5 15.d6 Nf6 16.Nd5 Be6
17.b4 Qd8 18.bxc5 Bxd5 19.exd5 Qd7 20.Rb1 Rab8 21.Rb6 Rfc8 22.c6

[Event "2.Bl-West"]
[Site "Salzburg"]
[Date "2003.10.18"]
[Round "1"]
[Board "3"]
[White "Hoellrigl, Wilfried"]
[Black "Klundt, Klaus"]
[Result "1/2-1/2"]
[WhiteElo "2200"]
[BlackElo "2365"]
[PlyCount "44"]

1.e4 c5 2.c3 Nf6 3.e5 Nd5 4.d4 cxd4 5.Nf3 Nc6 6.cxd4 d6 7.Bc4 Nb6 8.Bb5 dxe5
9.Nxe5 Bd7 10.Bxc6 Bxc6 11.Nxc6 bxc6 12.O-O g6 13.Re1 Bg7 14.Bg5 Nd5 15.Nc3 O-O
16.Nxd5 Qxd5 17.Bxe7 Rfe8 18.Bc5 Rxe1+ 19.Qxe1 Bxd4 20.Bxd4 Qxd4 21.b3 Rd8 22.g3
Rd6

[Event "2.Bl-West"]
[Site "Salzburg"]
[Date "2003.10.18"]
[Round "1"]
[Board "4"]
[White "Hanel, Reinhard"]
[Black "Lederwasch, Bernhard"]
[Result "1/2-1/2"]
[WhiteElo "2307"]
[BlackElo "2193"]
[PlyCount "94"]

1.c4 Nf6 2.Nc3 g6 3.Nf3 Bg7 4.d4 O-O 5.e4 d6 6.Be2 Nbd7 7.O-O a5 8.e5 Ne8 9.Bf4
b6 10.Re1 c6 11.Bf1 Bb7 12.Bg3 dxe5 13.dxe5 Nc5 14.Qc2 Nc7 15.Rad1 Qe8 16.Ne4
N7e6 17.Nfg5 h6 18.Nxe6 Nxe6 19.c5 b5 20.a4 Ba6 21.axb5 Bxb5 22.Bc4 Bxc4 23.Qxc4
Qb8 24.Qc3 Rd8 25.Rxd8+ Qxd8 26.h4 Qd5 27.h5 g5 28.Kh2 a4 29.f3 Rb8 30.Re2 Rb5
31.Rd2 Qb3 32.Qc1 Rb4 33.Qf1 Qc4 34.Qd1 Qb3 35.Qe2 Qc4 36.Qf2 Nf4 37.Bxf4 gxf4
38.Qh4 Qe6 39.Rd8+ Kh7 40.Re8 Rb7 41.Nf6+ Bxf6 42.exf6 Qxf6 43.Qg4 Qg5 44.Qc8
Qg3+ 45.Kh1 Qe1+ 46.Kh2 Qg3+ 47.Kh1 Qe1+

[Event "2.Bl-West"]
[Site "Salzburg"]
[Date "2003.10.18"]
[Round "1"]
[Board "5"]
[White "Sprenger, Wendelin"]
[Black "Hager, Franz"]
[Result "1-0"]
[WhiteElo "2153"]
[BlackElo "2237"]
[PlyCount "47"]

1.e4 g6 2.d4 d6 3.Nc3 Bg7 4.f4 Nf6 5.Nf3 O-O 6.Be3 b6 7.e5 Ng4 8.Bg1 Bb7 9.Qd2
c5 10.dxc5 dxc5 11.O-O-O Qxd2+ 12.Rxd2 Bh6 13.h3 Bxf4 14.hxg4 Rd8 15.Nb1 Bxf3
16.gxf3 Nc6 17.Bh2 Bxd2+ 18.Nxd2 Nb4 19.a3 Nd5 20.Bd3 Rd7 21.e6 fxe6 22.Bb5 Rdd8
23.Bc6 Rac8 24.Bb7

[Event "2.Bl-West"]
[Site "Salzburg"]
[Date "2003.10.18"]
[Round "1"]
[Board "1"]
[White "Westermeier, Arnulf"]
[Black "Wegerle, Joerg"]
[Result "1/2-1/2"]
[WhiteElo "2297"]
[BlackElo "2382"]
[PlyCount "33"]

1.e4 c5 2.Nf3 e6 3.d4 cxd4 4.Nxd4 a6 5.Nc3 Qc7 6.f4 b5 7.Bd3 Bb7 8.a3 Nf6 9.Qe2
Bc5 10.Nb3 Be7 11.Bd2 d6 12.O-O Nbd7 13.Kh1 h5 14.a4 b4 15.Na2 a5 16.c3 Nc5
17.Nxc5

[Event "2.Bl-West"]
[Site "Salzburg"]
[Date "2003.10.18"]
[Round "1"]
[Board "2"]
[White "Herbrechtsmeier, Christof"]
[Black "Juergens, Klaus"]
[Result "1-0"]
[WhiteElo "2292"]
[BlackElo "2162"]
[PlyCount "33"]

1.e4 c5 2.Nf3 Nc6 3.d4 cxd4 4.Nxd4 Nf6 5.Nc3 d6 6.Bc4 e6 7.Be3 Be7 8.Qe2 O-O
9.O-O-O a6 10.Rhg1 d5 11.g4 Na5 12.exd5 Nxc4 13.Qxc4 Nxd5 14.Nf5 b5 15.Nxd5 exd5
16.Qxd5 Be6 17.Qb7

[Event "2.Bl-West"]
[Site "Salzburg"]
[Date "2003.10.18"]
[Round "1"]
[Board "3"]
[White "Teufl, Siegfried"]
[Black "Duer, Werner"]
[Result "1/2-1/2"]
[WhiteElo "2192"]
[BlackElo "2271"]
[PlyCount "79"]

1.e4 c6 2.d4 d5 3.Nc3 g6 4.Be3 Bg7 5.Qd2 Nf6 6.e5 Ng4 7.Nf3 Nxe3 8.fxe3 O-O
9.O-O-O a5 10.Ne2 a4 11.a3 Qa5 12.Nf4 Qxd2+ 13.Rxd2 Bf5 14.Bd3 Bxd3 15.Rxd3 e6
16.h4 Nd7 17.g4 h6 18.Rf1 Rfc8 19.Rd2 c5 20.Rdf2 b5 21.Nd3 c4 22.Nb4 c3 23.Ne1
cxb2+ 24.Kxb2 Nb6 25.Ng2 Ra7 26.c3 Bf8 27.Rb1 Rac7 28.Rc2 Bxb4 29.axb4 Nc4+
30.Ka2 Kg7 31.Re1 Nb6 32.Kb2 a3+ 33.Kb3 Na4 34.Rec1 Nb2 35.Nf4 Nc4 36.Re1 Ra7
37.Ra2 Rac7 38.Rc2 Ra7 39.Ra2 Rac7 40.Rc2

[Event "2.Bl-West"]
[Site "Salzburg"]
[Date "2003.10.18"]
[Round "1"]
[Board "4"]
[White "Lawitsch, Guenther"]
[Black "Loeffler, Christoph"]
[Result "0-1"]
[WhiteElo "2270"]
[BlackElo "2147"]
[PlyCount "128"]

1.c4 d5 2.cxd5 Nf6 3.e4 c6 4.dxc6 Nxc6 5.Nc3 e5 6.Nf3 Bc5 7.Bc4 O-O 8.h3 a6 9.a4
Qd6 10.O-O b6 11.d3 h6 12.Nd5 Ra7 13.Be3 Nxd5 14.Bxd5 Nb4 15.Nxe5 Nxd5 16.Bxc5
Qxc5 17.d4 Qd6 18.exd5 Qxd5 19.Qf3 Qd6 20.Rac1 Bb7 21.Qe3 Bd5 22.Qc3 Re8 23.Rfe1
Rae7 24.a5 Rb8 25.Re3 bxa5 26.Qxa5 Reb7 27.Rc5 Rb5 28.Rxb5 Rxb5 29.Qc3 Rb8
30.Qa3 Qb4 31.Nd7 Qxa3 32.Rxa3 Rb7 33.Nc5 Rxb2 34.Nxa6 Rd2 35.Ra4 Kf8 36.Nc5 Ke7
37.f3 Rd1+ 38.Kf2 Rd2+ 39.Kf1 g6 40.Ne4 Rc2 41.Ra5 Bc4+ 42.Kg1 Rc1+ 43.Kh2 Rd1
44.Ra7+ Ke6 45.Nc5+ Kf5 46.Rd7 Kf6 47.Kg3 h5 48.h4 Be6 49.Ne4+ Kg7 50.Rd8 Bc4
51.Kf4 Ra1 52.d5 Ra7 53.Ke5 Bf1 54.d6 f6+ 55.Kd4 Kf7 56.Nc5 Ra1 57.Rd7+ Kg8
58.Ne4 Rd1+ 59.Ke3 Bb5 60.Rb7 Rd3+ 61.Kf4 Bc6 62.Nxf6+ Kf8 63.Rc7 Bb5 64.Ke4 Rd2

[Event "2.Bl-West"]
[Site "Salzburg"]
[Date "2003.10.18"]
[Round "1"]
[Board "6"]
[White "Thoeny, Hermann"]
[Black "Scheiblmaier, Robert"]
[Result "0-1"]
[WhiteElo "2158"]
[BlackElo "2142"]
[PlyCount "82"]

1.d4 d5 2.Nf3 c5 3.g3 Nc6 4.Bg2 Nf6 5.O-O e6 6.c4 Be7 7.cxd5 exd5 8.Nc3 O-O
9.Bg5 cxd4 10.Nxd4 h6 11.Be3 Re8 12.Rc1 Bf8 13.Nxc6 bxc6 14.Na4 Bd7 15.Bd4 Ne4
16.Nc5 Nxc5 17.Bxc5 Bxc5 18.Rxc5 Qb6 19.Rc2 Bf5 20.Rd2 Rad8 21.Qa4 Re6 22.e3 Be4
23.Rfd1 Bxg2 24.Kxg2 Rde8 25.Rc1 Rf6 26.Rc3 Re4 27.Qc2 Qb7 28.a3 h5 29.Rb3 Qa8
30.Rc3 Qb7 31.f3 Re8 32.Rd4 Rfe6 33.Qc1 c5 34.Rdd3 d4 35.Rc2 Rxe3 36.Rxe3 Rxe3
37.Rf2 Qd5 38.Qd2 c4 39.Qb4 d3 40.Qb8+ Kh7 41.Qxa7 d2

[Event "2.Bl-West"]
[Site "Salzburg"]
[Date "2003.10.18"]
[Round "1"]
[Board "1"]
[White "Heinzel, Olaf"]
[Black "Madl, Ildiko"]
[Result "1-0"]
[WhiteElo "2358"]
[BlackElo "2366"]
[PlyCount "77"]

1.d4 d5 2.Nf3 Nf6 3.Bf4 c5 4.e3 Nc6 5.Be2 Bg4 6.Nbd2 e6 7.O-O cxd4 8.exd4 Bd6
9.Bg5 h6 10.Bh4 O-O 11.c3 Bf5 12.Re1 Rc8 13.Nf1 Be7 14.Ne3 Be4 15.Bd3 Bxd3
16.Qxd3 Qc7 17.Nd2 Rfe8 18.Bxf6 Bxf6 19.Re2 g6 20.Rae1 Red8 21.f4 Bg7 22.g3 b5
23.b4 a5 24.a3 axb4 25.axb4 Ne7 26.Nd1 Qc6 27.g4 Ra8 28.Nb3 Qc4 29.Qb1 Qc7
30.Rf1 Nc6 31.f5 exf5 32.gxf5 g5 33.f6 Bf8 34.Rg2 Bd6 35.h4 Bf4 36.Qf5 Kf8
37.Qh7 Ke8 38.Nc5 Qd6 39.Rxf4

[Event "2.Bl-West"]
[Site "Salzburg"]
[Date "2003.10.18"]
[Round "1"]
[Board "2"]
[White "Dobos, Joszef"]
[Black "Bayer, Bernhard"]
[Result "1/2-1/2"]
[WhiteElo "2309"]
[BlackElo "2298"]
[PlyCount "33"]

1.e4 e5 2.Nf3 Nc6 3.c3 Nf6 4.d4 Nxe4 5.d5 Nb8 6.Bd3 Nf6 7.Nxe5 Be7 8.O-O O-O
9.c4 d6 10.Nf3 c6 11.Nc3 cxd5 12.cxd5 Bg4 13.h3 Bh5 14.Bf4 Nbd7 15.Re1 a6 16.Rc1
Re8 17.g4

[Event "2.Bl-West"]
[Site "Salzburg"]
[Date "2003.10.18"]
[Round "1"]
[Board "3"]
[White "Fuchs, Georg"]
[Black "Schmidt, Georg"]
[Result "1-0"]
[WhiteElo "2252"]
[BlackElo "2376"]
[PlyCount "57"]

1.e4 e6 2.d4 d5 3.Nc3 Nf6 4.Bg5 Be7 5.Bxf6 Bxf6 6.Nge2 O-O 7.Qd2 c5 8.exd5 cxd4
9.Nxd4 exd5 10.O-O-O Nc6 11.Nb3 Bg4 12.Re1 Nb4 13.a3 Bxc3 14.bxc3 Nc6 15.Qf4 Be6
16.Bd3 Rc8 17.Re3 Na5 18.Nd4 Qe7 19.Rg3 Nc4 20.Bxc4 Rxc4 21.Qe5 g6 22.Re1 Qxa3+
23.Kd2 Qc5 24.Qf6 Rxd4+ 25.Qxd4 Qa5 26.f4 Rc8 27.Re5 Rc4 28.Qxc4 Qd8 29.Qd4

[Event "2.Bl-West"]
[Site "Salzburg"]
[Date "2003.10.18"]
[Round "1"]
[Board "4"]
[White "Opl, Klaus"]
[Black "Kondrak, Christof"]
[Result "1-0"]
[WhiteElo "2280"]
[BlackElo "2222"]
[PlyCount "49"]

1.e4 c5 2.Nf3 Nc6 3.d4 cxd4 4.Nxd4 e5 5.Nb5 a6 6.Nd6+ Bxd6 7.Qxd6 f5 8.Nc3 Qf6
9.Qd2 Nge7 10.b3 b5 11.Bb2 Bb7 12.O-O-O Nd4 13.f4 d6 14.Bd3 Rc8 15.fxe5 dxe5
16.exf5 O-O 17.Rhf1 Qh4 18.Rde1 b4 19.Nd1 Nexf5 20.Kb1 Qxh2 21.Bxd4 Nxd4 22.Rh1
Qxg2 23.Bxh7+ Kf7 24.Rhf1+ Ke6 25.Qxd4

[Event "2.Bl-West"]
[Site "Salzburg"]
[Date "2003.10.18"]
[Round "1"]
[Board "5"]
[White "Angerer, Helmut"]
[Black "Peterwagner, Heinz"]
[Result "1/2-1/2"]
[WhiteElo "2178"]
[BlackElo "2222"]
[PlyCount "36"]

1.b3 c5 2.Bb2 Nc6 3.g3 d5 4.Nf3 Nf6 5.d4 e6 6.Bg2 Be7 7.Nbd2 O-O 8.O-O b6 9.c4
Bb7 10.e3 Rc8 11.a3 cxd4 12.exd4 dxc4 13.Nxc4 b5 14.Ne3 Qb6 15.Qe2 Na5 16.b4 Nc4
17.Nxc4 Rxc4 18.Ne5 Rc7

[Event "2.Bl-West"]
[Site "Salzburg"]
[Date "2003.10.18"]
[Round "1"]
[Board "6"]
[White "Marchhart, Matthias"]
[Black "Kornthaler, Reinhard"]
[Result "0-1"]
[WhiteElo "2151"]
[BlackElo "2087"]
[PlyCount "102"]

1.e4 c5 2.Nf3 d6 3.d4 cxd4 4.Nxd4 Nf6 5.Nc3 a6 6.a4 Nc6 7.Be2 e6 8.Nb3 Be7 9.Be3
O-O 10.a5 Bd7 11.O-O Nb4 12.Bf3 Bc6 13.Qe2 d5 14.Rfd1 Qe8 15.e5 Nd7 16.Bd4 Rc8
17.Qd2 Bb5 18.Be2 Bc4 19.Nc1 Qd8 20.f4 Bxe2 21.N1xe2 Qc7 22.Rdc1 Nc6 23.Bf2 Bb4
24.Qd3 Bxa5 25.Na4 b5 26.Nc5 Nb4 27.Qa3 Nxc5 28.Qxa5 Qxa5 29.Rxa5 Ne4 30.Be1
Nxc2 31.Rxa6 Nxe1 32.Rxe1 Rc2 33.b3 Rb2 34.Nd4 b4 35.Rb6 Nc5 36.Rb5 Nd3 37.Rf1
h6 38.f5 exf5 39.Nxf5 Ra8 40.Rxd5 Rxb3 41.Ne7+ Kh7 42.h4 Ra2 43.Kh2 Re2 44.Nc6
Ne1 45.Kh1 Nxg2 46.Nd4 Rh3+ 47.Kg1 Rd2 48.Rxf7 Nxh4 49.Rxg7+ Kxg7 50.Ne6+ Kf7
51.Nd8+ Ke8

[Event "2.Bl-West"]
[Site "Salzburg"]
[Date "2003.10.18"]
[Round "1"]
[Board "1"]
[White "Halasz, Tamas"]
[Black "Lanka, Zigurds"]
[Result "1/2-1/2"]
[WhiteElo "2383"]
[BlackElo "2467"]
[PlyCount "60"]

1.d4 Nf6 2.Nf3 g6 3.c4 Bg7 4.Nc3 d6 5.e4 O-O 6.Be2 e5 7.O-O Nc6 8.d5 Ne7 9.b4 a5
10.Ba3 b6 11.bxa5 Nh5 12.Re1 f5 13.Nd2 Nf6 14.Bd3 Rxa5 15.Nb5 Bd7 16.Bb4 Ra8
17.a4 Bxb5 18.axb5 Rxa1 19.Qxa1 Bh6 20.Qb1 Nd7 21.Nb3 Nc5 22.Nxc5 bxc5 23.Bc3
fxe4 24.Bxe4 Nf5 25.Qd3 Qg5 26.Ra1 Nd4 27.g3 Qf6 28.Ra2 Rf7 29.Kg2 Rf8 30.Kg1
Rf7

[Event "2.Bl-West"]
[Site "Salzburg"]
[Date "2003.10.18"]
[Round "1"]
[Board "2"]
[White "Gross, David"]
[Black "Blaskowski, Johannes"]
[Result "1-0"]
[WhiteElo "2458"]
[BlackElo "2347"]
[PlyCount "67"]

1.e4 c5 2.Nf3 e6 3.d4 cxd4 4.Nxd4 Nf6 5.Nc3 d6 6.Be2 Be7 7.O-O Nc6 8.Be3 O-O
9.f4 Qc7 10.Kh1 Re8 11.Ndb5 Qb8 12.a4 a6 13.Nd4 Bd7 14.Nb3 Nb4 15.Bf3 e5 16.g4
Qc8 17.f5 Bc6 18.g5 Nd7 19.a5 Rd8 20.Qd2 Nc5 21.Nxc5 dxc5 22.Qg2 Bf8 23.g6 fxg6
24.fxg6 h6 25.Nd5 Qe6 26.Nc7 Qe7 27.Nxa8 Rxa8 28.Rad1 Be8 29.Be2 Qe6 30.b3 Bb5
31.Bxb5 axb5 32.Rf7 Be7 33.Qf2 Nc6 34.Qf5

[Event "2.Bl-West"]
[Site "Salzburg"]
[Date "2003.10.18"]
[Round "1"]
[Board "3"]
[White "Grundherr, Martin"]
[Black "Proehl, Holger"]
[Result "1/2-1/2"]
[WhiteElo "2327"]
[BlackElo "2336"]
[PlyCount "64"]

1.e4 e6 2.d4 d5 3.Nc3 Be7 4.g3 dxe4 5.Bg2 Nf6 6.Nxe4 Nbd7 7.Nxf6+ Bxf6 8.Nf3 O-O
9.O-O c5 10.Be3 Qb6 11.Qd3 cxd4 12.Nxd4 Ne5 13.Qe2 Bd7 14.c4 Qc7 15.Rac1 Nc6
16.Nb5 Qe5 17.Rfd1 Rfd8 18.Nd6 Be8 19.Nxe8 Rxe8 20.Rd7 Re7 21.Rcd1 h6 22.b3 Rxd7
23.Rxd7 Rd8 24.Bxc6 bxc6 25.Rxd8+ Bxd8 26.Qd1 Bf6 27.Bxa7 Qa5 28.Be3 Qxa2 29.Kg2
Qa8 30.Qf3 Qb7 31.b4 Qd7 32.Qe4 Be7

[Event "2.Bl-West"]
[Site "Salzburg"]
[Date "2003.10.18"]
[Round "1"]
[Board "4"]
[White "Tabernig, Bernhard"]
[Black "Mittelberger, Peter"]
[Result "0-1"]
[WhiteElo "2368"]
[BlackElo "2267"]
[PlyCount "130"]

1.d4 d6 2.Nf3 g6 3.c4 Nf6 4.Nc3 Bg7 5.e4 O-O 6.Be2 e5 7.Be3 Ng4 8.Bg5 f6 9.Bh4
Nd7 10.O-O Nh6 11.dxe5 dxe5 12.Qc2 c6 13.Rad1 Qe7 14.Rfe1 Nf7 15.a3 Nc5 16.b4
Ne6 17.Bf1 b6 18.h3 Bb7 19.Na4 Rad8 20.c5 b5 21.Nc3 Bc8 22.Bg3 Bh6 23.h4 Rxd1
24.Rxd1 Rd8 25.h5 a6 26.hxg6 hxg6 27.Bd3 Nc7 28.Nh2 a5 29.Nf1 axb4 30.axb4 Rd4
31.f3 Na6 32.Bf2 Nxb4 33.Qb1 Rxd3 34.Qxb4 Rxd1 35.Nxd1 Qa7 36.Nb2 Be6 37.Be3 Bf8
38.Nd2 Qa2 39.Nd3 Nd8 40.Qc3 Bf7 41.f4 exf4 42.Nxf4 Bg7 43.Bd4 Ne6 44.Nxe6 Qxe6
45.Nf3 Qc4 46.Qa5 Qc1+ 47.Kf2 Qc2+ 48.Nd2 Kh7 49.Qc3 Qxc3 50.Bxc3 f5 51.e5 Bd5
52.Nf3 Bxf3 53.gxf3 Kg8 54.f4 Bf8 55.Bb4 Kf7 56.Ke3 Bh6 57.Ba5 Ke6 58.Bc7 b4
59.Ba5 b3 60.Bc3 Kd5 61.Bd4 g5 62.fxg5 Bxg5+ 63.Kd3 Bf4 64.e6 Kxe6 65.Kc4 Be5

[Event "2.Bl-West"]
[Site "Salzburg"]
[Date "2003.10.18"]
[Round "1"]
[Board "5"]
[White "Astl, Peter"]
[Black "Kroell, Johannes"]
[Result "0-1"]
[WhiteElo "2240"]
[BlackElo "2192"]
[PlyCount "90"]

1.d4 h6 2.Nf3 g5 3.e4 Bg7 4.c3 d6 5.Bc4 g4 6.Ng1 Nf6 7.Qc2 d5 8.exd5 Nxd5 9.Ne2
c6 10.Nf4 h5 11.Qe4 Nf6 12.Qe2 Bf5 13.O-O e6 14.Bd3 Bxd3 15.Nxd3 Nbd7 16.Nd2 Qc7
17.Nc4 Nd5 18.Bg5 Bf6 19.Bxf6 N5xf6 20.Nce5 Nxe5 21.dxe5 Nd5 22.c4 Ne7 23.f3 Nf5
24.f4 O-O-O 25.Rad1 Qb6+ 26.Qf2 Ne3 27.c5 Nxd1 28.cxb6 Nxf2 29.bxa7 Nh3+ 30.gxh3
Kc7 31.Nf2 Rd2 32.Rb1 Kb6 33.hxg4 hxg4 34.Kg2 Kxa7 35.Kg3 Rg8 36.a3 Re2 37.Nxg4
Re3+ 38.Kf2 Rh3 39.Kg2 Rgh8 40.Rd1 Rb3 41.Rd7 Rh4 42.h3 Rhxh3 43.Nf6 Rhg3+
44.Kh2 Rgd3 45.Rxf7 Rxb2+

[Event "2.Bl-West"]
[Site "Salzburg"]
[Date "2003.10.18"]
[Round "1"]
[Board "6"]
[White "Schiestl, Josef"]
[Black "Neuschmied, Siegfried"]
[Result "0-1"]
[WhiteElo "2155"]
[BlackElo "2219"]
[PlyCount "98"]

1.e4 c5 2.Nf3 e6 3.d4 cxd4 4.Nxd4 a6 5.Nc3 Qc7 6.Bd3 Nc6 7.Nxc6 dxc6 8.O-O e5
9.Be3 Nf6 10.f3 Be6 11.Qd2 b5 12.Rfd1 Be7 13.a4 O-O 14.axb5 cxb5 15.Qf2 Rfc8
16.Bb6 Qc6 17.g4 b4 18.Na4 Qb7 19.Be3 Rc6 20.Nc5 Bxc5 21.Bxc5 Rac8 22.Be3 Bc4
23.Rd2 h6 24.Rad1 a5 25.Bxc4 Rxc4 26.g5 hxg5 27.Bxg5 Nh5 28.Rd8+ Kh7 29.R1d7
R4c7 30.Qh4 Qb6+ 31.Kh1 Qg6 32.Rxc7 Rxc7 33.Rd2 f6 34.Be3 a4 35.Qe1 Qe8 36.Qd1
Qc6 37.Kg2 a3 38.bxa3 bxa3 39.Qb1 Qc3 40.Kf2 Nf4 41.Qb3 Kg6 42.Kg3 Qa5 43.c4 Rc8
44.Ra2 Qe1+ 45.Bf2 Qf1 46.Bb6 Rh8 47.Qe3 Rh3+ 48.Kg4 Rh4+ 49.Kg3 Kh5

[Event "2.Bl-West"]
[Site "Salzburg"]
[Date "2003.10.18"]
[Round "1"]
[Board "1"]
[White "Novkovic, Milan"]
[Black "Bromberger, Stefan"]
[Result "1/2-1/2"]
[WhiteElo "2371"]
[BlackElo "2460"]
[PlyCount "28"]

1.d4 d5 2.Nf3 Nf6 3.c4 c6 4.e3 Nbd7 5.Nbd2 e6 6.Bd3 Be7 7.O-O O-O 8.b3 b6 9.Bb2
Bb7 10.Qe2 Rc8 11.Rfd1 h6 12.Rac1 c5 13.cxd5 Nxd5 14.Bb1 cxd4

[Event "2.Bl-West"]
[Site "Salzburg"]
[Date "2003.10.18"]
[Round "1"]
[Board "2"]
[White "Duer, Arne"]
[Black "Gaertner, Guntram"]
[Result "1-0"]
[WhiteElo "2375"]
[BlackElo "2340"]
[PlyCount "81"]

1.c4 c6 2.Nf3 d5 3.e3 Nf6 4.Nc3 Bg4 5.Qb3 Qb6 6.Qxb6 axb6 7.cxd5 Bxf3 8.gxf3
Nxd5 9.Nxd5 cxd5 10.b3 Nc6 11.Bb2 e5 12.Bb5 f6 13.a3 Bd6 14.b4 Kf7 15.Ke2 Rhc8
16.Rhc1 Rc7 17.Rc3 Rac8 18.Rac1 e4 19.fxe4 dxe4 20.Rc4 Ne5 21.Bxe5 Bxe5 22.Rxc7+
Rxc7 23.Rxc7+ Bxc7 24.Bc4+ Ke7 25.Bd5 f5 26.h3 g5 27.Bxb7 h5 28.d3 exd3+ 29.Kxd3
f4 30.Bf3 fxe3 31.fxe3 h4 32.Kc4 Be5 33.Kb5 Bb2 34.a4 Ba3 35.Kxb6 Bxb4 36.a5 Kd6
37.e4 Bc5+ 38.Kb7 Ke5 39.a6 g4 40.hxg4 Kf4 41.Bh1

[Event "2.Bl-West"]
[Site "Salzburg"]
[Date "2003.10.18"]
[Round "1"]
[Board "3"]
[White "Grabher, Heinz"]
[Black "Ferrari, Josef"]
[Result "1-0"]
[WhiteElo "2234"]
[BlackElo "2226"]
[PlyCount "71"]

1.e4 e5 2.Nf3 Nc6 3.Bc4 Bc5 4.O-O Nf6 5.d3 d6 6.c3 Bb6 7.Nbd2 Be6 8.a4 a6 9.Bxe6
fxe6 10.Qb3 Qc8 11.Nc4 Ba7 12.Be3 O-O 13.Bxa7 Rxa7 14.Rae1 Nh5 15.Re3 Nf4 16.g3
Nh5 17.Rd1 Ne7 18.d4 exd4 19.Nxd4 Kh8 20.Nxd6 cxd6 21.Nxe6 Rg8 22.Rxd6 Nf6 23.e5
Ng4 24.Ng5 h6 25.Nf7+ Kh7 26.Rf3 Nf5 27.Rb6 h5 28.Qc2 g6 29.h3 Nd4 30.Ng5+ Kh6
31.Qd2 Nxf3+ 32.Nxf3+ Kg7 33.hxg4 hxg4 34.Nh4 Kh7 35.Qg5 Qe8 36.Nf5

[Event "2.Bl-West"]
[Site "Salzburg"]
[Date "2003.10.18"]
[Round "1"]
[Board "4"]
[White "Gerhold, Michael"]
[Black "Atlas, Dimitry"]
[Result "1/2-1/2"]
[WhiteElo "2223"]
[BlackElo "2281"]
[PlyCount "31"]

1.d4 d5 2.c4 c6 3.Nf3 e6 4.e3 Nf6 5.Nc3 Nbd7 6.Bd3 dxc4 7.Bxc4 b5 8.Bd3 Bb7
9.O-O b4 10.Na4 Be7 11.a3 a5 12.Bd2 O-O 13.Qe2 c5 14.dxc5 Nxc5 15.Nxc5 Bxc5
16.Rfc1

[Event "2.Bl-West"]
[Site "Salzburg"]
[Date "2003.10.18"]
[Round "1"]
[Board "5"]
[White "Burschowsky, Matthias"]
[Black "Gruber, Michael"]
[Result "0-1"]
[WhiteElo "2186"]
[BlackElo "2123"]
[PlyCount "134"]

1.Nf3 f5 2.c4 Nf6 3.Nc3 g6 4.g3 Bg7 5.Bg2 d6 6.d4 O-O 7.O-O Qe8 8.Qb3 c6 9.d5 c5
10.Ng5 Na6 11.Ne6 Bxe6 12.Qxb7 Qc8 13.dxe6 Nc7 14.Qb3 Rb8 15.Qa4 a6 16.Nd5 Nfxd5
17.cxd5 Bxb2 18.Bxb2 Rxb2 19.Rab1 Rb5 20.e4 fxe4 21.Bxe4 Qb7 22.h4 Ne8 23.h5 Kg7
24.hxg6 hxg6 25.Qc2 Nf6 26.a4 Rb4 27.Bf3 Rb8 28.Rxb4 Qxb4 29.Kg2 Qd4 30.Rb1 Rxb1
31.Qxb1 Ng4 32.Qc2 Ne5 33.Be4 c4 34.Qe2 Nd3 35.f4 Nc5 36.Kf3 Nb3 37.Kg2 Nd2
38.Bc2 Qxd5+ 39.Kf2 Nb3 40.g4 Nd4 41.Qd1 Qc5 42.Kf1 Nxc2 43.Qxc2 Qd4 44.Qc1 c3
45.g5 Qb4 46.Ke2 Qc4+ 47.Kf2 d5 48.Kf3 d4 49.Qe1 Qd3+ 50.Kf2 Qf5 51.Kg3 Qd5
52.Kf2 Qc5 53.Qc1 d3+ 54.Qe3 Qd5 55.Qc1 c2 56.Ke3 Qxe6+ 57.Kxd3 Qb3+ 58.Kd2 Qxa4
59.Qb2+ Kf7 60.Qe5 Qd7+ 61.Kxc2 Qf5+ 62.Qxf5+ gxf5 63.Kc3 Kg6 64.Kd4 a5 65.Kc5
a4 66.Kb4 e5 67.fxe5 Kxg5